| 000 | 00426nam a2200205Ia 4500 | ||
|---|---|---|---|
| 001 | 11779 | ||
| 003 | GE_BSU | ||
| 008 | 181216s||||||||xx |||||||||||||| ||und|| | ||
| 020 | _a9780340898383 | ||
| 040 | _cGE_BSU | ||
| 080 | _a821.111-312.4 | ||
| 100 | _aLennon,Patrick | ||
| 245 | _aCorn Dolls | ||
| 260 | _aLondon | ||
| 260 | _bHodder | ||
| 260 | _c2007 | ||
| 300 | _a378p.18cm. | ||
| 653 | _aCorn Dolls | ||
| 942 | _cBK | ||
| 999 |
_c44958 _d44958 |
||